Научно-практическая конференция "Пути-дороги А. С. Пушкина" (Запись № 12369001)

Подробности
000 -МАРКЕР
контрольное поле 02006nam0a2200337 4500
001 - ИДЕНТИФИКАТОР ЗАПИСИ
контрольное поле RU\NLR\BIBL_A\022275168
005 - ИДЕНТИФИКАТОР ВЕРСИИ
контрольное поле 20260406090001.0
035 ## - ДРУГИЕ СИСТЕМНЫЕ НОМЕРА
Идентификатор записи (NLR Aleph) 022275168
100 ## - ДАННЫЕ ОБЩЕЙ ОБРАБОТКИ
Данные общей обработки 20240709d2024 |||y0rusy50 ca
101 0# - ЯЗЫК РЕСУРСА
Язык текста, звукозаписи и т.д. русский
102 ## - СТРАНА ПУБЛИКАЦИИ ИЛИ ПРОИЗВОДСТВА
Страна публикации Российская Федерация
105 ## - ПОЛЕ КОДИРОВАННЫХ ДАННЫХ: ТЕКСТОВЫЕ МАТЕРИАЛЫ, МОНОГРАФИЧЕСКИЕ
Кодированные данные о монографическом текстовом документе ac||z|||100yy
181 #0 - ПОЛЕ КОДИРОВАННЫХ ДАННЫХ: ВИД СОДЕРЖАНИЯ
Код вида содержания (ISBD) i
Код характеристики содержания (ISBD) axxe
182 #0 - ПОЛЕ КОДИРОВАННЫХ ДАННЫХ: ТИП СРЕДСТВА
Код типа средства (ISBD) n - непосредственное
200 1# - ЗАГЛАВИЕ И СВЕДЕНИЯ ОБ ОТВЕТСТВЕННОСТИ
Основное заглавие Научно-практическая конференция "Пути-дороги А. С. Пушкина"
Сведения, относящиеся к заглавию 16 декабря 2023 года, Погорелое Городище
-- сборник
203 ## - ВИД СОДЕРЖАНИЯ И ТИП СРЕДСТВА
Вид содержания Текст
Дополнительные сведения об издании визуальный
Тип средства непосредственный
210 ## - ПУБЛИКАЦИЯ, РАСПРОСТРАНЕНИЕ И ДР.
Место издания, распространения и т.д. Старица
Имя издателя, распространителя и т. д. Полиграфический центр "CMYK"
-- Музей "Дорога к Пушкину"
Дата издания, распространения и т.д. 2024
215 ## - ФИЗИЧЕСКАЯ ХАРАКТЕРИСТИКА
Специфическое обозначение материала и объем 135 с.
Другие сведения о физической характеристике ил., цв. ил., портр.
Размеры 21
316 ## - ПРИМЕЧАНИЯ ОБ ОСОБЕННОСТЯХ ЭКЗЕМПЛЯРА
Текст примечания Экз. РНБ (2024-3/13054) с экслибрисами на форзаце: ЧУ "Музей "Дорога к Пушкину"": круглый штамп; Б. А. Диодорова (учредитель музея): автогр.
Организация и экземпляр, к которому относится поле NLR: 2024-3/13054
600 #1 - ИМЯ ЛИЦА КАК ПРЕДМЕТ
Начальный элемент ввода Пушкин
Часть имени, кроме начального элемента ввода А.С.
Даты 1799 - 1837
Расширение инициалов личного имени Александр Сергеевич
Формальный подзаголовок Съезды, совещания и т.п
Системный номер авторитетной/нормативной записи 1155086
Идентификатор авторитетной/нормативной записи RU\NLR\AUTH\66143362
686 2# - ИНДЕКСЫ ДРУГИХ КЛАССИФИКАЦИЙ
Индекс Ш5(2=Р)51-4Пушкин.я431
702 #1 - ИМЯ ЛИЦА - ВТОРИЧНАЯ ОТВЕТСТВЕННОСТЬ
Код отношения Бывший владелец
Материалы, к которым относится поле rus
Графика поля Кириллица
Начальный элемент ввода Диодоров
Часть имени, кроме начального элемента ввода Б. А.
Расширение инициалов личного имени Борис Аркадьевич
Даты 1934-
Идентификатор авторитетной/нормативной записи RU\NLR\AUTH\7756571
Системный номер авторитетной/нормативной записи 39503
710 12 - НАИМЕНОВАНИЕ ОРГАНИЗАЦИИ - ПЕРВИЧНАЯ ОТВЕТСТВЕННОСТЬ
Начальный элемент ввода "Пути-дороги А. С. Пушкина", научно-практическая конференция
Место проведения временной организации с. Погорелое Городище, Тверская обл.
Дата проведения временной организации 2023
Системный номер авторитетной/нормативной записи 884723
Идентификатор авторитетной/нормативной записи RU\NLR\AUTH\880612872
712 02 - НАИМЕНОВАНИЕ ОРГАНИЗАЦИИ - ВТОРИЧНАЯ ОТВЕТСТВЕННОСТЬ
Код отношения Бывший владелец
-- Организатор конференции
Начальный элемент ввода "Дорога к Пушкину", музей
Идентифицирующий признак с. Погорелое Городище, Тверская обл.
Системный номер авторитетной/нормативной записи 884757
Идентификатор авторитетной/нормативной записи RU\NLR\AUTH\880612906
942 ## - ДОПОЛНИТЕЛЬНЫЕ ЭЛЕМЕНТЫ ЗАПИСИ (АБИС)
Тип экземпляра АБИС Книга
980 ## - КОЛЛЕКЦИЯ
Название коллекции Национальная библиография
Экземпляры
Тип экземпляра Дата поступления Источник поступления Стоимость Библиотека постоянного хранения Библиотека текущего хранения Место хранения Шифр хранения Штрих-код Статус экземпляра
Книга 09.07.2024 Дар 300.00 РНБ (Московский) РНБ (Московский) Русский книжный фонд: издания с 1957 года 2024-3/13054 1-4674882